Agustín Decórdoba : (Record no. 195782)

MARC details
000 -LEADER
campo de control de longitud fija 01245nam a2200313 i 4500
001 - NÚMERO DE CONTROL
campo de control 195782
003 - IDENTIFICADOR DE NÚMERO DE CONTROL
campo de control SpMaBN
005 - FECHA Y HORA DE LA ÚLTIMA TRANSACCIÓN
campo de control 20260216183927.0
008 - DATOS DE LONGITUD FIJA--INFORMACIÓN GENERAL
campo de control de longitud fija 240719s2022 sp a | |||| 000 0dspa
015 ## - NÚMERO DE BIBLIOGRAFÍA NACIONAL
Número de bibliografía nacional MON22
017 ## - NÚMERO DE COPYRIGHT O DE DEPÓSITO LEGAL
Número de copyright o de depósito legal CC 73-2022
Agencia que asigna Oficina Depósito Legal Cáceres
020 ## - NÚMERO INTERNACIONAL ESTÁNDAR DEL LIBRO
Número Internacional Estándar del Libro 9788412475159
035 ## - NÚMERO DE CONTROL DEL SISTEMA
Número de control de sistema a7130515
040 ## - FUENTE DE CATALOGACIÓN
Centro catalogador/agencia de origen SpMaBN
Lengua de catalogación spa
Centro/agencia transcriptor SpMaBN
Normas de descripción rda
Centro/agencia modificador ES-MaACL
080 ## - NÚMERO DE LA CLASIFICACIÓN DECIMAL UNIVERSAL
Número de la Clasificación Decimal Universal 75 Decórdoba, Agustín
100 ## - ENTRADA PRINCIPAL--NOMBRE DE PERSONA
Nombre de persona Decórdoba, Agustín,
Fechas asociadas al nombre 1956-2024
9 (RLIN) 237491
Término indicativo de función/relación Autor
245 10 - MENCIÓN DEL TÍTULO
Título Agustín Decórdoba :
Resto del título el guardián del expresionismo /
Mención de responsabilidad, etc. José Antonio Ramos Rubio.
264 #1 - PRODUCCIÓN, PUBLICACIÓN, DISTRIBUCIÓN, FABRICACIÓN Y COPYRIGHT
Producción, publicación, distribución, fabricación y copyright [Plasencia] :
Nombre del de productor, editor, distribuidor, fabricante Herratas Ediciones,
Fecha de producción, publicación, distribución, fabricación o copyright [2022].
300 ## - DESCRIPCIÓN FÍSICA
Extensión 153 páginas :
Otras características físicas ilustraciones (blanco y negro y color) ;
Dimensiones 26 cm.
600 #0 - PUNTO DE ACCESO ADICIONAL DE MATERIA--NOMBRE DE PERSONA
Nombre de persona Decórdoba, Agustín,
Fechas asociadas al nombre 1956-2024
9 (RLIN) 237491
650 #7 - PUNTO DE ACCESO ADICIONAL DE MATERIA--TÉRMINO DE MATERIA
9 (RLIN) 145189
Término de materia o nombre geográfico como elemento de entrada Expresionismo (Arte)
655 #7 - TERMINO DE INDIZACIÓN--GENERO/FORMA
Fuente del término tgfbne
Datos o término principal de género/forma Libros ilustrados
9 (RLIN) 193653
852 ## - LOCALIZACIÓN
Ubicación ES-MaACL
Sublocalización o colección R.153367
Ubicación en estantería Depósito J
Número de control de estantería N-8789
Donativo/Legado Donación: José Antonio Ramos Rubio
Encuadernación Encuadernación cartoné
itemnumber 204630
903 ## - NOMBRE PERSONAL DE DONANTE
a Ramos Rubio, José Antonio,
d 1963-
e Donante
9 174430
942 ## - ELEMENTOS DE ENTRADA SECUNDARIOS (KOHA)
Tipo de ítem Koha Libro impreso
Suprimir en OPAC No
Holdings
Estatus retirado Estado de pérdida Fuente del sistema de clasificación o colocación Estado de daño No para préstamo Biblioteca de origen Biblioteca actual Ubicación en estantería Fecha de adquisición Fuente de adquisición Total de préstamos Signatura topográfica completa Código de barras Visto por última vez Precio de reemplazo Tipo de ítem Koha
    Clasificación decimal universal     Biblioteca del Ateneo de Madrid Biblioteca del Ateneo de Madrid Depósito J 16/02/2025 Donación   N-8789 101229455 16/02/2025 16/02/2025 Libro impreso